000 00351nam a2200133Ia 4500
005 20260328101442.0
008 260328s9999||||xx |||||||||||||| ||und||
100 _aChing, Francis D.K.
245 0 _aArchitectural Graphics /
_cFrancis D.K. Ching
260 _bVan Nostrand Reinhold
300 _a128 p.
650 _aDIBUJO ARQUITECTÓNICO
942 _cBK
999 _c8298
_d8298